000 00853nam a2200253Ia 4500
003 OSt
005 20221005113113.0
006 a|||||r|||| 00| 0
007 ta
008 221004b |||||||| |||| 00| 0 pan d
020 _a8187654884 (hbk)
_c150
024 _a104400
037 _b509, 02/02/2011, H.K. Prakashan
_cTextual
040 _aCRL
_cCRL
_bpan
041 _2pan
_apan
082 _aO153,3N33:g, P5
100 _aਉਪਦੇ ਕੌਰ
245 0 _aਗੁਰਦਿਆਲ ਸਿੰਘ
_b ਇਕ ਅਧਿਐਨ
260 _aਦਿੱਲੀ
_bਮਨਪ੍ਰੀਤ ਪ੍ਰਕਾਨ ਭਾਰਤ
_c2005
300 _a134ਪੰ
_ccm.
650 _aਪੰਜਾਬੀ ਸਾਹਿਤ
942 _hO153,3N33:g, P5
_cTEXL
_2cc
999 _c1027062
_d1027062